00832nam a2200253Ia 450000500170000000800410001702000150005808200180007310000200009124500880011125000190019930000420021865000230026065000250028365000200030865000220032865000340035070000210038426400500040533600270045533700330048233800280051504000350054320220317000728.0160601s2003 mx a g 000 0 spa  a968166975404a541.395bF82c1 aFuentes, Sergio10aCatalizadores bla piedra filosofal del siglo XX? cSergio Fuentes, Gabriela Díaz a3a. edición  a95 páginas bilustraciones c23 cm 142LEMBaCatálisis 142LEMBaCatalizadores 142LEMBaAlquimia 142LEMBaAleaciones 142LEMBaIngeniería química 1 aDíaz, Gabriela aMéxico bFondo de Cultura Económicac2003 atextobtxt2rdacontent asin mediaciónbn2rdamedia avolumenbnc2rdacarrier aCO-BoRNBPbspaerdacCO-BoRNBP